00781nam a2200205 a 450000100060000000300090000600800410001502000150005604000280007108200160009910000230011524500920013826000600023030000100029049000280030050001180032850500550044665000360050165000380053714153CO-ViMGA141112s2004 ck r 000 u spa d a9589089240 aCO-ViMGAbspacCO-ViMGA04a370.78 B7461 aBriones, Guillermo10aFormacion de docentes en Investigación educativa : bcurso de educación a distancia aSantafé de Bogotá : bConvenio Andres Bello, c1990 a173 P aeducación a distancia aModulo 4 : analisis e interpretacion de datos. Modulo 5 : evaluacion educaciónal. Biblioteca tiene modulo 4 y5. aEvaluacion educaciónal. Lecturas complementarias14aeducación - InvestigaciónES14aFORMACION PROFESIONAL DE MAESTROS